Statistiche per Riconosci lo Stato - Quiz n°32

Clicka qui per fare il quiz!

Statistiche generali

  • Questo quiz è stato fatto 18 volte
  • Il punteggio medio è 12 su 13

Statistiche sulle risposte

IndizioRisposta% Corretto
Popolazione36.799.000 ab.
100%
ValutaSom
100%
Iniziale della CapitaleT
100%
Fuso OrarioUTC+5
100%
Superficie447.400 km²
94%
Primo ministroAbdulla Aripov
94%
Indipendenzadall'URSS,
1º settembre 1991 (dichiarata),
8 dicembre 1991 (riconosciuta),
25 dicembre 1991 (completata)
94%
Presidente della RepubblicaShavkat Mirziyoyev
94%
ISU0,654
89%
Tasso di crescita0,94%
89%
PIL (nominale)69 240 milioni di $
89%
Forma di GovernoRepubblica presidenziale
89%
RispostaUzbekistan
89%

Distribuzione punteggi

Percentile per numero di risposta

Percentuale di utenti per punteggio

I tuoi punteggi nel tempo

Non hai fatto questo quiz